|
|
|
|
| LEADER |
00000cam a2200000 7i4500 |
| 001 |
0000024544 |
| 005 |
20120928.0 |
| 008 |
120928 my a may |
| 040 |
|
|
|a INS
|
| 090 |
0 |
0 |
|a VO181
|
| 110 |
1 |
|
|a Kursus penilaian loji dan jentera ,
|d 2009 14,15, 21 & 22 Februari
|c SME Bank
|
| 245 |
0 |
0 |
|a Kursus penilaian loji dan jentera :
|b 14, 15, 21 & 22 Februari 2009
|c Anjuran Pusat Penilaian dan Perkhidmatan Harta, INSPEN
|
| 260 |
|
|
|a Bangi :
|b Institut Penilaian Negara ,
|c 2009
|
| 300 |
|
|
|a 1v. (Various pagings) :
|b pic., ill. ;
|c 30 cm.
|
| 650 |
|
0 |
|a Machinery
|x Valuation
|
| 710 |
1 |
|
|a INSPEN ( Institut Penilaian Negara )
|
| 999 |
|
|
|a VO00000414
|b BOOK
|c Course Notes
|e Default branch
|
| 999 |
|
|
|a VO00000415
|b BOOK
|c Course Notes
|e Default branch
|
| 999 |
|
|
|a VO00000416
|b BOOK
|c Course Notes
|e Default branch
|
| 999 |
|
|
|a VO00000417
|b BOOK
|c Course Notes
|e Default branch
|